'Big' Things Quiz Stats

 Plays Quiz Updated Aug 8, 2018

Support Sporcle.
Go Orange.
Score 0/20 Timer 04:00
1 Play Today
% Correct
McDonald's Big Mac
98.3%
Big Ben
97.1%
The Big Bang Theory
91.7%
Big Bird
90.1%
Big Dipper
78.4%
Bigfoot
77.5%
Big Bad Wolf
70.5%
My Big Fat Greek Wedding
68.3%
The Big Lebowski
66.5%
Big Top
63.3%
% Correct
Notorious B.I.G.
59.2%
Big Hero 6
58.2%
The Big Friendly Giant
55.6%
Big Brother
37.3%
Big Trouble in Little China
35.4%
The Big Short
25.7%
Big Fish
23.1%
The Big Sleep
21.7%
LittleBigPlanet
19.6%
Big Kahuna Burger
15.4%

You're not logged in!

Compare scores with friends on all Sporcle quizzes.
OR
Log In
Forgot?

From the Vault

Countries Ending in '-lia' Blitz

by NO_r_WAY

Geography 15s
If you can't remember them, ask your friends Julia and Cecilia.
Remove Ads.
Support Sporcle.
Get the best of Sporcle when you Go Orange. This ad-free experience offers more features, more stats, and more fun while also helping to support Sporcle. Thank you for becoming a member.

Show Comments

Extras

Top Quizzes Today


Score Distribution

Your Account Isn't Verified!

In order to create a playlist on Sporcle, you need to verify the email address you used during registration. Go to your Sporcle Settings to finish the process.

Report this User

Report this user for behavior that violates our Community Guidelines.

Details: